| 000 | 00500nam a2200181Ia 4500 | ||
|---|---|---|---|
| 005 | 20260609135155.0 | ||
| 008 | 131103s9999 xx 000 0 und d | ||
| 040 | _aLoreto College | ||
| 041 | _aEnglish | ||
| 082 |
_a823.A _bBRE |
||
| 100 | _aBin, Brent of Bin | ||
| 245 |
_aUp the country _b A tale of the jumbuck pads on the summer runs _cBrent of Bin Bin |
||
| 260 |
_aLondon _bAngus and robertson _c1951 |
||
| 300 | _a272p. | ||
| 650 | _aEnhlish literature | ||
| 850 | _aLCLIB | ||
| 942 | _cBK | ||
| 999 |
_c22265 _d72744 |
||